How to write for television / (Record no. 28369)

MARC details
000 -LEADER
fixed length control field 01318cam a22003615a 4500
001 - CONTROL NUMBER
control field 15689353
003 - CONTROL NUMBER IDENTIFIER
control field EG-ScBUE
005 - DATE AND TIME OF LATEST TRANSACTION
control field 20200319085700.0
008 - FIXED-LENGTH DATA ELEMENTS--GENERAL INFORMATION
fixed length control field 090406s2008 nyu f d 001 0 eng d
020 ## - INTERNATIONAL STANDARD BOOK NUMBER
International Standard Book Number 9781416570455 (pbk.)
035 ## - SYSTEM CONTROL NUMBER
System control number (OCoLC)ocn245564352
040 ## - CATALOGING SOURCE
Original cataloging agency UKM
Language of cataloging eng
Description conventions rda
Transcribing agency UKM
Modifying agency LIQ
-- YDXCP
-- DLC
-- EG-ScBUE
082 04 - DEWEY DECIMAL CLASSIFICATION NUMBER
Classification number 808.066791
Item number DIM
Edition number 22
100 1# - MAIN ENTRY--PERSONAL NAME
Personal name DiMaggio, Madeline,
Relator term author.
245 10 - TITLE STATEMENT
Title How to write for television /
Statement of responsibility, etc Madeline DiMaggio.
250 ## - EDITION STATEMENT
Edition statement Revised and updated edition.
264 #1 - PUBLICATION, DISTRIBUTION, ETC. (IMPRINT)
Place of publication, distribution, etc New York, NY :
Name of publisher, distributor, etc A Fireside Book :
-- Simon & Schuster, Inc.,
Date of publication, distribution, etc 2008.
300 ## - PHYSICAL DESCRIPTION
Extent x, 323 pages ;
Dimensions 22 cm
336 ## - CONTENT TYPE
Source rdacontent
Content type term text
Content type code txt
337 ## - MEDIA TYPE
Source rdamedia
Media type term unmediated
Media type code n
338 ## - CARRIER TYPE
Source rdacarrier
Carrier type term volume
Carrier type code nc
500 ## - GENERAL NOTE
General note Includes glossary.
500 ## - GENERAL NOTE
General note Includes index.
500 ## - GENERAL NOTE
General note Includes appendices.
520 ## - SUMMARY, ETC.
Summary, etc The trusted guide for aspiring TV writers, more than 50% revised and updated with lessons and examples from today's hit shows.
650 #7 - SUBJECT ADDED ENTRY--TOPICAL TERM
Topical term or geographic name as entry element Television authorship.
Source of heading or term BUEsh
650 #7 - SUBJECT ADDED ENTRY--TOPICAL TERM
Topical term or geographic name as entry element Motion picture authorship.
Source of heading or term BUEsh
653 ## - INDEX TERM--UNCONTROLLED
Resource For college Communication and mass media
Arrived date list March2020
655 ## - INDEX TERM--GENRE/FORM
Form subdivision Reading book
9 (RLIN) 34232
906 ## - LOCAL DATA ELEMENT F, LDF (RLIN)
a 7
b cbc
c copycat
d 2
e ncip
f 20
g y-gencatlg
942 ## - ADDED ENTRY ELEMENTS (KOHA)
Source of classification or shelving scheme Dewey Decimal Classification
Koha item type Book - Borrowing
Holdings
Withdrawn status Lost status Source of classification or shelving scheme Damaged status Not for loan Collection code Home library Current library Shelving location Date acquired Source of acquisition Total Checkouts Full call number Barcode Date last seen Price effective from Koha item type
    Dewey Decimal Classification     Baccah Central Library Central Library Second Floor 19/03/2020 Purchase   808.066791 DIM 000049055 15/07/2025 19/03/2020 Book - Borrowing